Conocimientos del territorio, (Registro nro. 17774)
[ vista simple ]
| 000 -CABECERA | |
|---|---|
| Campo de control | 01363nam a22002897a 4500 |
| 005 - FECHA Y HORA DE LA ULTIMA TRANSACCION | |
| Campo de control | 20180803170155.0 |
| 008 - ELEMENTOS DE LONGITUD FIJA—INFORMACION GENERAL | |
| Campo de control | 150917b2015 ck |||||r|||| 00| 0 spa d |
| 020 ## - ISBN | |
| ISBN | 9789588889177 |
| 040 ## - FUENTE DE CATALOGACIÓN | |
| Agencia catalogadora original | CO-BoIAVH |
| Agencia transcriptora | CO-BoIAVH |
| 041 0# - IDIOMA | |
| Código de idioma para texto/pista de sonido o título separado | Español |
| 044 ## - PAÍS DE PUBLICACIÓN | |
| País de publicación | Colombia |
| 082 04 - NUMERO DE CLASIFICACION DECIMAL DEWEY | |
| Número de clasificación | 615.321 |
| Número del ítem | D81c |
| 100 1# - ASIENTO PRINCIPAL--NOMBRE PERSONAL | |
| Nombre personal | Duarte Abadía, Bibiana |
| 9 (RLIN) | 38571 |
| 245 1# - MENCION DE TITULO | |
| Título | Conocimientos del territorio, |
| Parte restante del título | buen vivir y usos de plantas en los páramos Guerrero y Rabanal / |
| Mención de responsabilidad | Bibiana Duarte Abadía y Alejandra Osejo Varona |
| 260 ## - PUBLICACION, DISTRIBUCION, ETC. (PIE DE IMPRENTA) | |
| Lugar de publicación, distribución, etc. | Bogotá (Colombia): |
| Nombre del editor, distribuidor, etc. | Instituto de Investigación de Recursos Biológicos Alexander von Humboldt, |
| Fecha de publicación, distribución, etc. | 2015. |
| 300 ## - DESCRIPCION FISICA | |
| Extensión | 96 páginas : |
| Otros detalles físicos | fotografías y mapas a color ; |
| Dimensiones | 24 cm |
| 500 ## - NOTA GENERAL | |
| Nota general | Incluye glosario. |
| 505 0# - NOTA DE CONTENIDO | |
| Nota de contenido | La gente del páramo.<br/>Lugares del páramo en la vida campesina.<br/>Haciendo memoria del territorio.<br/>Conocimientos del territorio y las plantas en la vida campesina.<br/>Transformaciones de los conocimientos y aprovechamiento de las plantas para la salud. |
| 650 #4 - ASIENTO SECUNDARIO DE MATERIA - TERMINO TEMATICO | |
| Término temático o nombre geográfico como elemento de entrada | Plantas útiles |
| Subdivisión de forma | fichas técnicas |
| 9 (RLIN) | 38862 |
| 650 #6 - ASIENTO SECUNDARIO DE MATERIA - TERMINO TEMATICO | |
| Término temático o nombre geográfico como elemento de entrada | Plantas medicinales |
| 9 (RLIN) | 93263 |
| 650 #4 - ASIENTO SECUNDARIO DE MATERIA - TERMINO TEMATICO | |
| Término temático o nombre geográfico como elemento de entrada | Remedios tradicionales |
| Subdivisión general | terapeútica |
| 9 (RLIN) | 38864 |
| 650 #4 - ASIENTO SECUNDARIO DE MATERIA - TERMINO TEMATICO | |
| Término temático o nombre geográfico como elemento de entrada | Conocimiento tradicional |
| 9 (RLIN) | 92244 |
| 651 #4 - ASIENTO SECUNDARIO DE MATERIA - NOMBRE GEOGRAFICO | |
| Nombre geográfico | Colombia |
| Subdivisión geográfica | Páramo de Guerrero |
| 9 (RLIN) | 38866 |
| 651 #4 - ASIENTO SECUNDARIO DE MATERIA - NOMBRE GEOGRAFICO | |
| Nombre geográfico | Colombia |
| Subdivisión geográfica | Páramo de Rabanal |
| 9 (RLIN) | 38867 |
| 700 1# - ASIENTO SECUNDARIO - NOMBRE PERSONAL | |
| Nombre personal | Osejo Varona, Alejandra |
| 9 (RLIN) | 38570 |
| 942 ## - ELEMENTOS ADICIONALES (KOHA) | |
| Sistema de clasificación | Dewey Decimal Classification |
| Tipo de ítem | Libro |
| Koha issues (borrowed), all copies | 3 |
| Withdrawn status | Lost status | Sistema de Clasificación | Damaged status | No para préstamo | Colección | Inventariado | Ubicación Permanente | Ubicación actual | Fecha de adquisición | Fuente de Valor | Valor | Total Checkouts | Número topográfico | Inventario / Código de Barras | Date last seen | Date checked out | Ejemplar | Price effective from | Forma de adquisición | Tipo de material |
|---|---|---|---|---|---|---|---|---|---|---|---|---|---|---|---|---|---|---|---|---|
| Dewey Decimal Classification | Humboldt | Inventariado 2017 | Bogotá | Bogotá | 17/09/2015 | Instituto | 39000.00 | 9 | IAVH-615.321 D81c | 039235 | 30/09/2019 | 30/09/2019 | Ej. 1 | 17/09/2015 | Institucional | Libro | ||||
| Dewey Decimal Classification | Humboldt | Inventariado 2017 | Sala Fabio Quevedo | Sala Fabio Quevedo | 17/09/2015 | Instituto | 39000.00 | 1 | IAVH-615.321 D81c | 039236 | 11/07/2017 | 07/07/2017 | Ej. 2 | 17/09/2015 | Institucional | Libro |